<?xml version="1.0" encoding="UTF-8"?><?xml-stylesheet type="text/xsl" href="static/style.xsl"?><OAI-PMH xmlns="http://www.openarchives.org/OAI/2.0/" xmlns:xsi="http://www.w3.org/2001/XMLSchema-instance" xsi:schemaLocation="http://www.openarchives.org/OAI/2.0/ http://www.openarchives.org/OAI/2.0/OAI-PMH.xsd"><responseDate>2026-04-14T05:50:43Z</responseDate><request verb="GetRecord" identifier="oai:www.recercat.cat:10230/54015" metadataPrefix="marc">https://recercat.cat/oai/request</request><GetRecord><record><header><identifier>oai:recercat.cat:10230/54015</identifier><datestamp>2025-12-19T20:27:25Z</datestamp><setSpec>com_2072_6</setSpec><setSpec>col_2072_452954</setSpec></header><metadata><record xmlns="http://www.loc.gov/MARC21/slim" xmlns:dcterms="http://purl.org/dc/terms/" xmlns:xsi="http://www.w3.org/2001/XMLSchema-instance" xmlns:doc="http://www.lyncode.com/xoai" xsi:schemaLocation="http://www.loc.gov/MARC21/slim http://www.loc.gov/standards/marcxml/schema/MARC21slim.xsd">
   <leader>00925njm 22002777a 4500</leader>
   <datafield ind2=" " ind1=" " tag="042">
      <subfield code="a">dc</subfield>
   </datafield>
   <datafield ind2=" " ind1=" " tag="720">
      <subfield code="a">Gómez i Martínez, Mireia</subfield>
      <subfield code="e">author</subfield>
   </datafield>
   <datafield ind2=" " ind1=" " tag="260">
      <subfield code="c">2022-09-07T15:29:37Z</subfield>
   </datafield>
   <datafield ind2=" " ind1=" " tag="260">
      <subfield code="c">2022-09-07T15:29:37Z</subfield>
   </datafield>
   <datafield ind2=" " ind1=" " tag="260">
      <subfield code="c">2022-09-07</subfield>
   </datafield>
   <datafield ind2=" " ind1=" " tag="520">
      <subfield code="a">Treball de fi de màster en Lingüística Teòrica i Aplicada. Directora: Dra. Pilar Prieto Vives</subfield>
   </datafield>
   <datafield ind2=" " ind1=" " tag="520">
      <subfield code="a">Several narrative-based intervention programs have been designed to boost different children’s&#xd;
linguistic abilities. Nevertheless, very few studies have fully assessed the role of multimodality&#xd;
(e.g., embodied speech involving hand and bodily gestures, and facial expressions) in these&#xd;
interventions, which could really make a difference to the involvement and the social&#xd;
interaction of the children and, therefore, have an impact on the results. Thus, little is known&#xd;
about how a multimodal narrative-based intervention could play a role boosting the frequency&#xd;
of use of bilingual’s less-dominant language. For this, the current study will test the&#xd;
effectiveness of the MultiModal Narrative (MMN) intervention –initially designed to train&#xd;
macrostructure and perspective taking– in boosting Catalan, the weaker language of a group&#xd;
of 34 5- to 6-year-old Spanish-Catalan bilinguals. To test the value of a multimodal narrative&#xd;
training on the frequency of use of Catalan and, a between-subjects pre- and post-intervention&#xd;
design was planned with the MMN 9-session intervention. Participants were assigned to either&#xd;
the experimental (multimodal or non-multimodal) or the control group. Importantly, while&#xd;
children in the multimodal condition were exposed to emphatic multimodal markers, and were&#xd;
encouraged to embody the most relevant actions and emotions of the stories, children in thenonmultimodal&#xd;
group received the same narrative-based intervention with natural multimodality.&#xd;
Frequency of use was measured by assessing the percentage of use of the target language in&#xd;
the vocabulary and narrative retelling pre- and post-test tasks. Results revealed that the two&#xd;
experimental groups outperformed the control group, showing statistically significant gains in&#xd;
Catalan frequency of use the two post-intervention tasks (mean increase of 27.65% in the&#xd;
narrative retelling task, and of 11.56% on the vocabulary test).</subfield>
   </datafield>
   <datafield tag="653" ind2=" " ind1=" ">
      <subfield code="a">Language use</subfield>
   </datafield>
   <datafield tag="653" ind2=" " ind1=" ">
      <subfield code="a">Unbalanced bilinguals</subfield>
   </datafield>
   <datafield tag="653" ind2=" " ind1=" ">
      <subfield code="a">Bilingual acquisition</subfield>
   </datafield>
   <datafield tag="653" ind2=" " ind1=" ">
      <subfield code="a">Narrative-based intervention</subfield>
   </datafield>
   <datafield tag="653" ind2=" " ind1=" ">
      <subfield code="a">Multimodality</subfield>
   </datafield>
   <datafield ind2="0" ind1="0" tag="245">
      <subfield code="a">A Multimodal narrative intervention improves the frequency of use of catalan in spanish-dominant preschoolers</subfield>
   </datafield>
</record></metadata></record></GetRecord></OAI-PMH>